| 000 | 00535nam a2200205Ia 4500 | ||
|---|---|---|---|
| 008 | 180207s9999 xx 000 0 und d | ||
| 020 | _a9780545626804 | ||
| 050 | _bL866 2015 | ||
| 100 | _aLord, Cynthia | ||
| 245 | _aHot rod hamster : | ||
| 245 | _band the awesome ATV adventure/ | ||
| 245 | _cby Cynthia Lord ; pictures by Derek Anderson. | ||
| 260 | _aNew York : | ||
| 260 | _bScholastic, | ||
| 260 | _c2015 | ||
| 300 | _aunpaged : | ||
| 300 | _bcolor illustration ; | ||
| 300 | _c23cm. | ||
| 440 | _aScholastic reader. | ||
| 999 |
_c355509 _d355509 |
||